000 00700nam a2200289Ia 4500
005 20260324144402.0
008 008 260324s9999 xx 000 0 eng d
020 _a9781315882574
037 _aEBOOK
040 _aCRL
040 _beng
040 _cCRL
041 _2eng
041 _aeng
084 _qCRL
100 _aPaul Cloke
_91218301
245 0 _aPolicies and Plans for Rural People (Routledge Revivals)
245 3 _bAn International Perspective
260 _bTaylor and Francis
260 _c1988
365 _a
365 _b145
856 _uhttp://www.taylorfrancis.com/books/9781315882574
942 _cEBOOK
999 _c1825674
_d1825674